000 00519cam a22001337a 4500
008 180718b1957 xxu||||| |||| 00| 0 eng d
082 _aD78 F439
100 _aForde, J.S.
245 _aInternational trade in managerial skills; being an inquiry into the provision of certain British managerial and technical services for the operation of industrial enterprise in und
_cby J.S. Forde
260 _aOxford
_bBlackwell
_c1957
300 _a153p.
650 _aTechnical assistance, British
650 _aBusiness consultants
999 _c365382
_d365382